Automatické rozpoznanie reči

Na minha lista:
Detalhes bibliográficos
Autor principal: Šimon, Teodora (Author)
Outros Autores: Kačur, Juraj (Thesis advisor)
Formato: Manuscrito Livro
Idioma:eslovaco
Publicado em: Bratislava : STU v Bratislave FEI, 2024
Assuntos:
Acesso em linha:https://opac.crzp.sk/?fn=detailBiblioFormChildWP2SV&sid=9A7D98113A4E7D6F06A976A0EB46&seo=CRZP-detail-kniha
Tags: Adicionar Tag
Sem tags, seja o primeiro a adicionar uma tag!

MARC

LEADER 00000ntm a22000003a 4500
001 stuzp96696
003 SK-STU
005 20250514141504.0
007 ta
008 150427s2015----xo-----f-mn---000-0-slo-d
040 |a STU  |b slo 
041 0 |a slo 
044 |a xo 
100 1 |a Šimon, Teodora  |u 037000  |4 aut  |U FEI Fakulta elektrotechniky a informatiky  |T FEI Ústav multimediálnych informačných a komunikačných technológií  |X 105384  |U E070  |Y 818  |7 105384 
242 0 1 |a Automatic speech recognition  |y eng 
245 1 0 |a Automatické rozpoznanie reči 
260 |a Bratislava :  |b STU v Bratislave FEI,  |c 2024 
300 |a 84 s. 
650 4 |a automatické rozpoznávanie reči  |2 slo 
650 4 |a zvukový signál  |2 slo 
650 4 |a izolované slová  |2 slo 
650 4 |a spektrogram  |2 slo 
650 4 |a melová banka filtrov  |2 slo 
650 4 |a mel-frekvenčno kepstrálne koeficienty  |2 slo 
650 4 |a neurónova sieť  |2 slo 
650 4 |a hlasivková perióda  |2 slo 
650 4 |a automatic speech recognition  |2 eng 
650 4 |a mel bank filter  |2 eng 
650 4 |a neural network  |2 eng 
650 4 |a audio signal  |2 eng 
650 4 |a isolated words  |2 eng 
650 4 |a spectrogram  |2 eng 
650 4 |a mel-frequency cepstral coefficients  |2 eng 
650 4 |a pitch period  |2 eng 
700 1 |a Kačur, Juraj  |u 037000  |k Z1  |4 ths  |U FEI Fakulta elektrotechniky a informatiky  |T FEI Ústav multimediálnych informačných a komunikačných technológií  |X 1861  |U E070  |Y 818  |7 A000001861 
856 4 |u https://opac.crzp.sk/?fn=detailBiblioFormChildWP2SV&sid=9A7D98113A4E7D6F06A976A0EB46&seo=CRZP-detail-kniha